Educación en anticoncepción /

Guardado en:
Autor Principal: A.A.P.F.
Formato: Deslizar
Materias:
Etiquetas: Agregar Etiqueta
Sin Etiquetas, Sea el primero en etiquetar este registro!
LEADER 00928ngm a22002655g 4500
001 CEM.cems022430
008 130507b1999##################0###0#####d
005 20241101165540.0
245 1 0 |a Educación en anticoncepción /  |c A.A.P.F. 
300 |a 17'. 
500 |a En soporte VHS, consultar en ventanilla. 
505 0 |a Aparato reproductor femenino. Aparato genital masculino. Fecundación. Anticoncepción: métodos. 
538 |a Soporte: VHS - Norma: Pal N - Color: Si - Grabación DRD 1999 - Hitachi=3095 
100 1 |a A.A.P.F. 
082 6 1 |. 7/UBA 
653 |a EDUCACION SEXUAL 
653 |a SEXUALIDAD 
653 |a ANTICONCEPCION 
653 |a METODOS ANTICONCEPTIVOS 
653 |a APARATO REPRODUCTOR FEMENINO 
653 |a APARATO GENITAL MASCULINO 
653 |a FECUNDACION 
653 |a NIVEL PRIMARIO 
653 |a NIVEL SECUNDARIO 
859 |a CEMS  |b BIB. CEMS - Depto. Recursos Didacticos  |h 612.7  |i UBA  |k DRD  |p 1073.12  |t Ej.1